000 00409nam a2200181Ia 4500
001 2251
005 20260306143828.0
008 260306t1982||||xx |||||||||||||| ||spa||
041 _aESP
082 _a616.8
_bS36
100 _aSeguin, Carlos Alberto
_eAUT
245 0 _aTres facetas
260 _c1982
300 _a223 páginas :
_c21 cm.
650 _aGEN
654 _aCPS
942 _cLIB
_dJUS
_fJUS
_2ddc
_n
999 _c2251
_d2251